EFFECTIVENESS OF SELECTED ADVISORY CHANNELS ON SAFE USE OF PESTICIDES IN KALE PRODUCTION AMONG THE SMALL SCAELE FARMERS IN KISII COUNTY. (Record no. 215940)

MARC details
000 -LEADER
fixed length control field 00521nam a22001457a 4500
008 - FIXED-LENGTH DATA ELEMENTS--GENERAL INFORMATION
fixed length control field 250719b |||||||| |||| 00| 0 eng d
050 ## - LIBRARY OF CONGRESS CALL NUMBER
Classification number THE SB 970.4 .N93 2021
100 ## - MAIN ENTRY--PERSONAL NAME
Personal name NYAGWASA, ROSE NYANSARORA
245 ## - TITLE STATEMENT
Title EFFECTIVENESS OF SELECTED ADVISORY CHANNELS ON SAFE USE OF PESTICIDES IN KALE PRODUCTION AMONG THE SMALL SCAELE FARMERS IN KISII COUNTY.
260 ## - PUBLICATION, DISTRIBUTION, ETC.
Place of publication, distribution, etc. KISII
Name of publisher, distributor, etc. KISII UNIVERSITY
Date of publication, distribution, etc. 2021
300 ## - PHYSICAL DESCRIPTION
Extent XVIII,99P.
500 ## - GENERAL NOTE
General note INCLUDES BIBLIOGRAPHIC REFERENCES
942 ## - ADDED ENTRY ELEMENTS (KOHA)
Source of classification or shelving scheme Library of Congress Classification
Koha item type Reference

No items available.